LEADER 00884cam2 22002651 450 001 SOBE00066426 005 20210525082430.0 100 $a20210525d1976 |||||ita|0103 ba 101 $aita 102 $aIT 200 0 $a1.2$fHenri-Charles Puech 210 $aRoma$aBari$cLaterza$d1976 215 $aP. 502-958$d22 cm 300 $aTrad. di Maria Novella Pierini 461 1$1001SOBE00066425$12001 $a<<1: L'>>Oriente e l'Europa nell'antichita / Henri-Charles Puech 700 1$aPuech$b, Henri Charles$3A600200041967$4070$0180336 801 0$aIT$bUNISOB$c20210525$gRICA 850 $aUNISOB 852 $aUNISOB$j900|Coll|9|K$m23724 912 $aSOBE00066426 940 $aM 102 Monografia moderna SBN 941 $aW 957 $a900|Coll|9|K$b000037$i-1.2$gSI$d23724$1rovito$2UNISOB$3UNISOB$420210525080257.0$520210525080329.0$6rovito 996 $a1.2$91780529 997 $aUNISOB LEADER 01985nam 2200649 a 450 001 9910463517703321 005 20200520144314.0 010 $a0-292-73575-8 035 $a(CKB)3170000000046326 035 $a(OCoLC)782930347 035 $a(CaPaEBR)ebrary10541114 035 $a(SSID)ssj0000601407 035 $a(PQKBManifestationID)11422344 035 $a(PQKBTitleCode)TC0000601407 035 $a(PQKBWorkID)10565326 035 $a(PQKB)10893958 035 $a(MiAaPQ)EBC3443587 035 $a(MdBmJHUP)muse17562 035 $a(Au-PeEL)EBL3443587 035 $a(CaPaEBR)ebr10541114 035 $a(OCoLC)932314201 035 $a(EXLCZ)993170000000046326 100 $a20111014d2012 ub 0 101 0 $aeng 135 $aurcn||||||||| 181 $ctxt 182 $cc 183 $acr 200 10$aNaked truth$b[electronic resource] $estrip clubs, democracy, and a Christian right /$fJudith Lynne Hanna 205 $a1st ed. 210 $aAustin $cUniversity of Texas Press$dc2012 215 $a1 online resource (351 p.) 300 $aBibliographic Level Mode of Issuance: Monograph 311 $a0-292-72911-1 320 $aIncludes bibliographical references and index. 606 $aStriptease$zUnited States 606 $aStriptease$xSocial aspects$zUnited States 606 $aStripteasers$zUnited States 606 $aSex in dance$zUnited States 606 $aChristianity and politics$zUnited States 606 $aDance$xPolitical aspects 608 $aElectronic books. 615 0$aStriptease 615 0$aStriptease$xSocial aspects 615 0$aStripteasers 615 0$aSex in dance 615 0$aChristianity and politics 615 0$aDance$xPolitical aspects. 676 $a792.7/8 700 $aHanna$b Judith Lynne$0628648 801 0$bMiAaPQ 801 1$bMiAaPQ 801 2$bMiAaPQ 906 $aBOOK 912 $a9910463517703321 996 $aNaked truth$91942919 997 $aUNINA